<?xml version="1.0" encoding="UTF-8"?>
<resp>
  <nextPage>https://data.bn.org.pl/api/networks/bibs.marcxml?marc=001+b00001150003167&amp;sinceId=1150003168</nextPage>
  <collection>
    <record xmlns='http://www.loc.gov/MARC21/slim'><leader>00883namZa2200277ZiZ4500</leader><controlfield tag='001'>b00001150003167</controlfield><controlfield tag='005'>20260403094846.4</controlfield><controlfield tag='008'>230609s        pl           |000 0 pol c</controlfield><controlfield tag='009'>9913261769905606</controlfield><datafield ind1=' ' ind2=' ' tag='020'><subfield code='a'>8387696455</subfield></datafield><datafield ind1=' ' ind2=' ' tag='035'><subfield code='a'>KR_1KR_1_20120318001203059905-48omnis_kr</subfield></datafield><datafield ind1=' ' ind2=' ' tag='035'><subfield code='a'>KR_1_20120318001203059905</subfield><subfield code='9'>ExL</subfield></datafield><datafield ind1=' ' ind2=' ' tag='035'><subfield code='a'>(PL)b00001150003167</subfield></datafield><datafield ind1=' ' ind2=' ' tag='040'><subfield code='a'>KR_1</subfield><subfield code='c'>KR_1</subfield></datafield><datafield ind1='1' ind2=' ' tag='041'><subfield code='a'>pol</subfield><subfield code='h'>eng</subfield></datafield><datafield ind1='0' ind2='0' tag='245'><subfield code='a'>Szkocja /</subfield><subfield code='c'>Alastair Hamilton [i in.].</subfield></datafield><datafield ind1=' ' ind2=' ' tag='250'><subfield code='a'>Wyd. 2/[aktualiz. na podst. wyd. ang. Anna Binek i in.].</subfield></datafield><datafield ind1=' ' ind2=' ' tag='260'><subfield code='a'>Bielsko-Biała :</subfield><subfield code='b'>&quot;Pascal&quot;,</subfield><subfield code='c'>1999.</subfield></datafield><datafield ind1=' ' ind2=' ' tag='300'><subfield code='a'>XVII, 705 s. :</subfield><subfield code='b'>il., mapy ;</subfield><subfield code='c'>20 cm.</subfield></datafield><datafield ind1='1' ind2=' ' tag='490'><subfield code='a'>Praktyczny Przewodnik</subfield></datafield><datafield ind1=' ' ind2=' ' tag='500'><subfield code='a'>n</subfield></datafield><datafield ind1=' ' ind2=' ' tag='852'><subfield code='b'>48OMNIS_NETWORK</subfield><subfield code='8'>9913261769905606</subfield></datafield><datafield ind1=' ' ind2=' ' tag='852'><subfield code='b'>48OMNIS_TL</subfield><subfield code='8'>991000336359608218</subfield></datafield><datafield ind1=' ' ind2=' ' tag='852'><subfield code='8'>225944650008218</subfield><subfield code='j'>1</subfield><subfield code='b'>TL_4_1</subfield><subfield code='p'>008276WD</subfield><subfield code='c'>TL_4_1_4</subfield></datafield><datafield ind1=' ' ind2=' ' tag='920'><subfield code='a'>83-87696-45-5</subfield></datafield></record>
  </collection>
</resp>
